ਮਹਾ ਮਾਨਵ ਸੰਤ ਗੁਰੂ ਰਵਿਦਾਸ / (Record no. 110956)

MARC details
000 -LEADER
fixed length control field 00936nam a22002537a 4500
005 - DATE AND TIME OF LATEST TRANSACTION
control field 20170123164159.0
010 ## - LIBRARY OF CONGRESS CONTROL NUMBER
LC control number B-201152
020 ## - INTERNATIONAL STANDARD BOOK NUMBER
Terms of availability 195.00
International Standard Book Number 818885221
035 ## - SYSTEM CONTROL NUMBER
System control number B-201152
037 ## - SOURCE OF ACQUISITION
Source of stock number/acquisition Cen Lib/Ret
040 ## - CATALOGING SOURCE
Original cataloging agency DPL
Language of cataloging PN
082 ## - DEWEY DECIMAL CLASSIFICATION NUMBER
Classification number 230.35
Edition number ਧਰਮ
100 ## - MAIN ENTRY--PERSONAL NAME
Personal name ਧਰਮਪਾਲ ਸਿੰਘਲ
9 (RLIN) 134614
245 ## - TITLE STATEMENT
Title ਮਹਾ ਮਾਨਵ ਸੰਤ ਗੁਰੂ ਰਵਿਦਾਸ /
Statement of responsibility, etc ਧਰਮਪਾਲ ਸਿੰਘਲ
246 ## - VARYING FORM OF TITLE
Title proper/short title Meha manav sant guru ravidas /
Remainder of title by Dharam Pal Singhal
260 ## - PUBLICATION, DISTRIBUTION, ETC. (IMPRINT)
Place of publication, distribution, etc ਜਲੰਧਰ
Name of publisher, distributor, etc ਦੀਪਕ ਪਬਲਿਸ਼ਰਜ਼
Date of publication, distribution, etc 2005
270 ## - ADDRESS
Address ਮਮੀ ਹਿਰਨ ਗੇਟ
City ਜਲੰਧਰ
Postal code 144008
300 ## - PHYSICAL DESCRIPTION
Extent 160p ;
Dimensions 24cm(Hb)
650 ## - SUBJECT ADDED ENTRY--TOPICAL TERM
Topical term or geographic name as entry element ਸੰਤ ਸਾਹਿਤ
9 (RLIN) 1054
650 ## - SUBJECT ADDED ENTRY--TOPICAL TERM
Topical term or geographic name as entry element ਸੰਤ ਧਰਮ
Form subdivision
9 (RLIN) 134615
650 ## - SUBJECT ADDED ENTRY--TOPICAL TERM
Topical term or geographic name as entry element Saint literature
9 (RLIN) 9692
650 ## - SUBJECT ADDED ENTRY--TOPICAL TERM
Topical term or geographic name as entry element Saint religion
9 (RLIN) 9693
942 ## - ADDED ENTRY ELEMENTS (KOHA)
Source of classification or shelving scheme Dewey Decimal Classification
Koha item type Punjabi Bks
Classification part 230.35
Call number suffix ਧਰਮ
Holdings
Withdrawn status Lost status Damaged status Not for loan Home library Current library Date acquired Source of acquisition Cost, normal purchase price Total Checkouts Full call number Barcode Date last seen Copy number Cost, replacement price Price effective from Koha item type
        Central Library Central Library 10/02/2016 Cen Lib/Ret 195.00   230.35 ਰਵਿਦਾ B-201152 10/02/2016 1 195.00 10/02/2016 Punjabi Bks

© Delhi Public Library
Hit Counter
free hit counter